| 000 | 00437cam a2200169ua 4500 | ||
|---|---|---|---|
| 020 | _c3.50 | ||
| 041 |
_amal _h |
||
| 082 |
_a300 _bDIV/SA |
||
| 100 | _aDivakaran, Kattakkada . | ||
| 245 | 0 | 0 |
_aSamoohya padangal / _cKattakada Divakaran. _hTextual Documents |
| 260 |
_aThiruvananthapuram : _bState Instititute of Languages , _c1970. |
||
| 300 | _a202 ; . | ||
| 365 | _a3.50 | ||
| 504 | _a | ||
| 942 | _cBK | ||
| 999 |
_c6164 _d6164 |
||